000 00456nam a2200157 4500
001 126463
003 ES-MaACL
005 20230906192826.0
007 t|
008 070214s1969 sp r ||||1| cat d
245 0 0 _aRepensem la nostra fé
_b: reflexions sobre la vida cristiana.
260 _aMontserrat (Barcelona) :
_bAbadía,
_c1969.
300 _a264 p. ;
_c18 cm.
710 2 _aAbadía de Montserrat.
_91133
852 _aES-MaACL
_jC-52254
_bR.70538
999 _c126463
_d126463